Movie by Difficulty VI Quiz Stats

 Plays Quiz Updated May 28, 2016

Challenge
Share
Tweet
Score 0/30 Timer 08:00
3 Plays Today
% Correct
Jurassic Park
98.4%
Brokeback Mountain
94.5%
Dumb & Dumber
93.7%
Apollo 13
90.5%
I, Robot
86.7%
The Fast and the Furious
85.1%
The Last Samurai
80.9%
Full Metal Jacket
72.7%
The Good, the Bad and the Ugly
72.6%
Dances with Wolves
69.2%
Coach Carter
45.4%
Witness
44.1%
My Left Foot
39.8%
Dirty Rotten Scoundrels
39.2%
The Abyss
35.2%
% Correct
Rushmore
34.9%
P.S. I Love You
33.6%
Cop Land
28.9%
Kiss Kiss Bang Bang
27.4%
The Apartment
20%
Fruitvale Station
18.5%
A Simple Plan
15.4%
Strange Days
6.1%
The Prophecy
5.9%
Secrets & Lies
5.7%
Ginger Snaps
5.3%
The City of Lost Children
5.1%
Breaking the Waves
4.3%
The Science of Sleep
4%
Stay
2.4%

You're not logged in!

Compare scores with friends on all Sporcle quizzes.
OR
Log In

You Might Also Like...

Show Comments

Extras

Top Quizzes Today


Score Distribution

Your Account Isn't Verified!

In order to create a playlist on Sporcle, you need to verify the email address you used during registration. Go to your Sporcle Settings to finish the process.

Report this User

Report this user for behavior that violates our Community Guidelines.

Details: